[Event "Bayern-ch Seniors 14th"]
[Site "Schloss Schney"]
[Date "2002.06.06"]
[Round "7"]
[White "Knauer, Guenter"]
[Black "Zellner, Erwin"]
[Result "0-1"]
[WhiteElo "1549"]
[BlackElo "1640"]
[PlyCount "70"]
[EventDate "2002.05.31"]
[EventType "swiss"]
[EventRounds "9"]
[EventCountry "GER"]
[SourceTitle "EXT 2003"]
[Source "ChessBase"]
[SourceDate "2002.11.25"]
[SourceVersion "1"]
[SourceVersionDate "2002.11.25"]
[SourceQuality "1"]

1. e4 c6 2. Nc3 d5 3. exd5 cxd5 4. Bb5+ Nc6 5. Nf3 a6 6. Ba4 e6 7. a3 Bd6 8. 0-0 Nf6 9. d4 0-0 10. Bg5 h6 11. Bxc6 bxc6 12. Be3 Qc7 13. h3 Bb7 14. Qd2 Ne4 15. Nxe4 dxe4 16. Ne1 f5 17. g3 Rac8 18. Ng2 c5 19. dxc5 Bxc5 20. Bxc5 Qxc5 21. c3 Rfd8 22. Qc2 Rd3 23. Ne3 Bc6 24. Rfd1 Rcd8 25. Rxd3 exd3 26. Qd2 Qe5 27. Re1 Qe4 28. Kh2 f4 29. gxf4 Qxf4+ 30. Kg1 Qf3 31. Kh2 Rf8 32. b3 Rf4 33. Rg1 Rh4 34. Rg2 Qxh3+ 35. Kg1 Qh1# 0-1